000 nam a22 7a 4500
999 _c234
_d234
005 20170427151438.0
008 170427b m ||||| |||| 00| 0 eng d
040 _aAKMAL
245 _aSTANDARD PERILAKU PEGAWAI KASTAM DIRAJA MALAYSIA
300 _c23cm
942 _2ddc
_cBOOK